Les prénoms les plus portés au monde - Statistiques

Statistiques générales
  • Ce quiz a été pris 2 747 fois
  • Le résultat moyen est 4 sur 10
Statistiques - réponses
INDICE PRENOM % Correct
1 M Marie
75%
1 M Mohamed
57%
5 W William
54%
3 E Emma
41%
4 A Anna
34%
3 J John
34%
2 S Sophie
33%
4 A Ali
30%
5 L Lily
13%
2 S Santiago
5%
Aucun quiz correspondant
Distribution des résultats
% des personnes avec chaque résultat
Percentile par nombre de réponses
Votre historique - résultats
Vous n’avez pas pris ce quiz